লোডিং...

Brock biology of microorganisms

গ্রন্থ-পঞ্জীর বিবরন
প্রধান লেখক: Madigan, Michael T.
অন্যান্য লেখক: Martinko, John M.
বিন্যাস: Printed Book
ভাষা:English
প্রকাশিত: New Jersey Pearson Prentice Hall 2006
সংস্করন:11th ed.
বিষয়গুলি:
LEADER 00755nam a2200205 a 4500
005 20151026132216.0
008 960221s1955 dcuabcdjdbkoqu001 0deng d
003 ViArRB
100 |a Madigan, Michael T.  |9 11878 
245 |a Brock biology of microorganisms 
300 |a xxv, 992p.  |c Student access kit required for access to online course material 
653 |a Microbiology  |a Biotechnology  |a Biology  |a Microorganisms 
700 |a Martinko, John M.  |9 19940 
942 |c BK  |6 _ 
260 |a New Jersey  |b Pearson Prentice Hall  |c 2006  |9 7331 
500 |a   
250 |a 11th ed. 
020 |a 0-13-196893-9 
999 |c 43838  |d 43838 
952 |0 0  |1 0  |2 udc  |4 0  |6 57922_MAD2006  |7 0  |9 56022  |a UL  |b UL  |d 2010-06-16  |l 1  |o 579.22 MAD "2006 "  |p 00055847  |r 2013-11-23  |s 2013-11-20  |w 2010-06-16  |y BK